00626nam a22001337a 4500008004100000020001500041082001900056100003200075245005000107260020900157300002400366440002100390650008100411180825b xxu||||| |||| 00| 0 eng d a9709703587 a769.972bG233t aGarmendia, María Eugenia  aTaller de Grabado del Molino de Santo Domingo aMéxicobInstituto Nacional de Bellas Artes y Literatura bCentro Nacional de Investigación, Documentación e Información de Artes Plásticas (CENIDIAP)bEstampa Artes Gráficas S.A. de C.V.c2012 a19 p.bill.c21 cm. aEnsayos Abrevian 2Arte contemporáneoxArte - grabadoxHIstoria - grabadozGrabado - México